Soldiers' heritage.

This episode the The Big Picture, produced by the Army Pictorial Service, is a tribute to the veteran; a warm salute to the soldiers (both professional and citizen-soldier alike) who have fought in all of this nation's wars, from the beginning.

Bibliographic Details
Format: Video
Language:English
Language Notes:In English.
Original language in English.
Published: Washington D.C. : Army Pictorial Service, 1958.
Series:American history in video.
Big picture.
Subjects:
Online Access:Connect to this streaming video (Alexander Street Press)

MARC

Tag First Indicator Second Indicator Subfields
LEADER 00000cgm a2200000Mi 4500
001 in00005544331
006 m o c
007 cr |n|---||a|a
007 vz |zazu|
008 080405s1958 dcu029 o vueng d
005 20241201230051.3
035 |a (OCoLC)ocn677927909 
040 |a ALSTP  |b eng  |e pn  |c ALSTP  |d OCLCQ  |d CUS  |d OCLCQ  |d OCLCO  |d OCLCQ  |d OCLCF  |d OCLCQ  |d U3G  |d OCLCO  |d OCLCQ  |d OCLCO  |d OCLCQ  |d IAA  |d MNI  |d WYU  |d EBC  |d OCLCO  |d NUI 
019 |a 780684266  |a 1430821244  |a 1443997109 
035 |a (OCoLC)677927909  |z (OCoLC)780684266  |z (OCoLC)1430821244  |z (OCoLC)1443997109 
050 4 |a E178 
049 |a TXAM 
245 0 0 |a Soldiers' heritage. 
260 |a Washington D.C. :  |b Army Pictorial Service,  |c 1958. 
300 |a 1 online resource (1 electronic resource (29 min.)). 
336 |a two-dimensional moving image  |b tdi  |2 rdacontent 
337 |a computer  |b c  |2 rdamedia 
338 |a online resource  |b cr  |2 rdacarrier 
490 1 |a Big picture ;  |v Episode 412 
588 0 |a Print version record. 
520 |a This episode the The Big Picture, produced by the Army Pictorial Service, is a tribute to the veteran; a warm salute to the soldiers (both professional and citizen-soldier alike) who have fought in all of this nation's wars, from the beginning. 
546 |a In English. 
546 |a Original language in English. 
650 0 |a National monuments. 
650 0 |a Tomb of the Unknowns (Va.) 
650 6 |a Sites classés. 
650 7 |a National monuments.  |2 fast  |0 (OCoLC)fst01033629 
650 7 |a Tomb of the Unknowns (Va.)  |2 fast  |0 (OCoLC)fst01152437 
655 4 |a Streaming videos. 
655 7 |a Documentary films.  |2 fast  |0 (OCoLC)fst01710390 
655 7 |a Nonfiction films.  |2 fast  |0 (OCoLC)fst01710269 
655 7 |a Documentary films.  |2 lcgft 
655 7 |a Nonfiction films.  |2 lcgft 
655 7 |a Documentaires.  |2 rvmgf 
655 7 |a Films autres que de fiction.  |2 rvmgf 
830 0 |a American history in video. 
830 0 |a Big picture. 
856 4 0 |u http://proxy.library.tamu.edu/login?url=https://www.aspresolver.com/aspresolver.asp?AVN2;1790056  |z Connect to this streaming video (Alexander Street Press)  |t 0 
955 |a Alexander Street Press subscription streaming video 
994 |a 92  |b TXA 
999 f f |s 55dd3c75-de6e-4e3f-8b60-56a71ca889b7  |i e5a05775-31d4-4cbf-be01-86fab623881d  |t 0 
952 f f |a Texas A&M University  |b College Station  |c Electronic Resources  |d Available Online  |t 0  |e E178   |h Library of Congress classification 
998 f f |a E178   |t 0  |l Available Online